[Event "Napoli Vomero Primavera op 6th"]
[Site "Napoli"]
[Date "2009.03.12"]
[Round "1"]
[White "Angelotti, Mario"]
[Black "Cante, Guido"]
[Result "0-1"]
[WhiteElo "1398"]
[BlackElo "1781"]
[PlyCount "60"]
[EventDate "2009.03.12"]
[EventType "swiss"]
[EventRounds "7"]
[EventCountry "ITA"]
[SourceTitle "EXT 2011"]
[Source "ChessBase"]
[SourceDate "2010.11.26"]
[SourceVersion "1"]
[SourceVersionDate "2010.11.26"]
[SourceQuality "1"]

1. e4 Nf6 2. e5 Nd5 3. d4 d6 4. Nf3 Bg4 5. Be2 e6 6. h3 Bh5 7. c4 Nb6 8. b3 dxe5 9. dxe5 Qxd1+ 10. Bxd1 Nc6 11. 0-0 0-0-0 12. a4 Nd7 13. Bf4 Bxf3 14. Bxf3 Ndxe5 15. Bxc6 Nxc6 16. Nc3 Bd6 17. Be3 Be5 18. Rac1 Rd3 19. Ne4 Bd4 20. Bxd4 Nxd4 21. Rfd1 Ne2+ 22. Kf1 Nxc1 23. Rxc1 Rxb3 24. Ng5 Rb2 25. f3 Rd8 26. Nxf7 Rdd2 27. Ke1 Rxg2 28. Kf1 Rgf2+ 29. Ke1 Rxf3 30. Ng5 Rg3 0-1